Equipes demi-finalistes de Ligue des Champions - Statistiques

Statistiques générales
  • Ce quiz a été pris 143 fois
    27 depuis la dernière actualisation
  • Le résultat moyen est 181 sur 276
Statistiques - réponses
Hint Réponse % Correct
2024 Real Madrid Vainqueur
100%
2023 Real Madrid Demi
100%
2022 Real Madrid Vainqueur
100%
2021 Real Madrid Demi
100%
2018 Real Madrid Vainqueur
100%
2017 Real Madrid Vainqueur
100%
2016 Real Madrid Vainqueur
100%
2015 Real Madrid Demi
100%
2014 Real Madrid Vainqueur
100%
2013 Real Madrid Demi
100%
2012 Real Madrid Demi
100%
2011 Real Madrid Demi
100%
2003 Real Madrid Demi
100%
2002 Real Madrid Vainqueur
100%
2001 Real Madrid Demi
100%
2000 Real Madrid Vainqueur
100%
1998 Real Madrid Vainqueur
100%
1989 Real Madrid Demi
100%
1988 Real Madrid Demi
100%
1987 Real Madrid Demi
100%
1981 Real Madrid Finaliste
100%
1980 Real Madrid Demi
100%
1976 Real Madrid Demi
100%
1973 Real Madrid Demi
100%
1968 Real Madrid Demi
100%
1966 Real Madrid Vainqueur
100%
1964 Real Madrid Finaliste
100%
1962 Real Madrid Finaliste
100%
1960 Real Madrid Vainqueur
100%
1959 Real Madrid Vainqueur
100%
1958 Real Madrid Vainqueur
100%
1957 Real Madrid Vainqueur
100%
1956 Real Madrid Vainqueur
100%
2025 FC Barcelone Vainqueur
96%
2025 FC Barcelone Demi
96%
2019 FC Barcelone Demi
96%
2015 FC Barcelone Vainqueur
96%
2013 FC Barcelone Demi
96%
2012 FC Barcelone Demi
96%
2011 FC Barcelone Vainqueur
96%
2010 FC Barcelone Demi
96%
2009 FC Barcelone Vainqueur
96%
2008 FC Barcelone Demi
96%
2006 FC Barcelone Vainqueur
96%
2002 FC Barcelone Demi
96%
2000 FC Barcelone Demi
96%
1994 FC Barcelone Finaliste
96%
1992 FC Barcelone Vainqueur
96%
1986 FC Barcelone Finaliste
96%
1975 FC Barcelone Demi
96%
1961 FC Barcelone Finaliste
96%
1960 FC Barcelone Demi
96%
2024 PSG Demi
96%
2021 PSG Demi
96%
2020 PSG Finaliste
96%
1995 PSG Demi
96%
2025 Arsenal Demi
87%
2009 Arsenal Demi
87%
2006 Arsenal Finaliste
87%
2024 Bayern Munich Demi
87%
2020 Bayern Munich Vainqueur
87%
2018 Bayern Munich Demi
87%
2016 Bayern Munich Demi
87%
2015 Bayern Munich Demi
87%
2014 Bayern Munich Demi
87%
2013 Bayern Munich Vainqueur
87%
2012 Bayern Munich Finaliste
87%
2010 Bayern Munich Finaliste
87%
2001 Bayern Munich Vainqueur
87%
2000 Bayern Munich Demi
87%
1999 Bayern Munich Finaliste
87%
1995 Bayern Munich Demi
87%
1991 Bayern Munich Demi
87%
1990 Bayern Munich Demi
87%
1987 Bayern Munich Finaliste
87%
1982 Bayern Munich Finaliste
87%
1981 Bayern Munich Demi
87%
1976 Bayern Munich Vainqueur
87%
1975 Bayern Munich Vainqueur
87%
1974 Bayern Munich Vainqueur
87%
2017 Atletico Madrid Demi
83%
2016 Atletico Madrid Finaliste
83%
2014 Atletico Madrid Finaliste
83%
1974 Atletico Madrid Finaliste
83%
1971 Atletico Madrid Demi
83%
1959 Atletico Madrid Demi
83%
2025 Inter Milan Finaliste
83%
2023 Inter Milan Finaliste
83%
2010 Inter Milan Vainqueur
83%
2003 Inter Milan Demi
83%
1981 Inter Milan Demi
83%
1972 Inter Milan Finaliste
83%
1967 Inter Milan Finaliste
83%
1966 Inter Milan Demi
83%
1965 Inter Milan Vainqueur
83%
1964 Inter Milan Vainqueur
83%
2023 AC Milan Demi
74%
2007 AC Milan Vainqueur
74%
2006 AC Milan Demi
74%
2005 AC Milan Finaliste
74%
2003 AC Milan Vainqueur
74%
1995 AC Milan Finaliste
74%
1994 AC Milan Vainqueur
74%
1993 AC Milan Finaliste
74%
1990 AC Milan Vainqueur
74%
1989 AC Milan Vainqueur
74%
1969 AC Milan Vainqueur
74%
1963 AC Milan Vainqueur
74%
1958 AC Milan Finaliste
74%
1956 AC Milan Demi
74%
2024 Borussia Dortmund Finaliste
74%
2013 Borussia Dortmund Finaliste
74%
1998 Borussia Dortmund Demi
74%
1997 Borussia Dortmund Vainqueur
74%
1964 Borussia Dortmund Demi
74%
2022 Liverpool Finaliste
74%
2019 Liverpool Vainqueur
74%
2018 Liverpool Finaliste
74%
2008 Liverpool Demi
74%
2007 Liverpool Finaliste
74%
2005 Liverpool Vainqueur
74%
1985 Liverpool Finaliste
74%
1984 Liverpool Vainqueur
74%
1981 Liverpool Vainqueur
74%
1978 Liverpool Vainqueur
74%
1977 Liverpool Vainqueur
74%
1965 Liverpool Demi
74%
2017 Juventus Finaliste
70%
2015 Juventus Finaliste
70%
2003 Juventus Finaliste
70%
1999 Juventus Demi
70%
1998 Juventus Finaliste
70%
1997 Juventus Finaliste
70%
1996 Juventus Vainqueur
70%
1985 Juventus Vainqueur
70%
1983 Juventus Finaliste
70%
1978 Juventus Demi
70%
1973 Juventus Finaliste
70%
1968 Juventus Demi
70%
2023 Manchester City Vainqueur
70%
2022 Manchester City Demi
70%
2021 Manchester City Finaliste
70%
2016 Manchester City Demi
70%
2019 Ajax Demi
65%
1997 Ajax Demi
65%
1996 Ajax Finaliste
65%
1995 Ajax Vainqueur
65%
1980 Ajax Demi
65%
1973 Ajax Vainqueur
65%
1972 Ajax Vainqueur
65%
1971 Ajax Vainqueur
65%
1969 Ajax Finaliste
65%
2021 Chelsea Vainqueur
65%
2014 Chelsea Demi
65%
2012 Chelsea Vainqueur
65%
2009 Chelsea Demi
65%
2008 Chelsea Finaliste
65%
2007 Chelsea Demi
65%
2005 Chelsea Demi
65%
2004 Chelsea Demi
65%
2022 Villarreal Demi
65%
2006 Villarreal Demi
65%
1991 Etoile Rouge Vainqueur
61%
1971 Etoile Rouge Demi
61%
1957 Etoile Rouge Demi
61%
2011 Manchester United Finaliste
61%
2009 Manchester United Finaliste
61%
2008 Manchester United Vainqueur
61%
2007 Manchester United Demi
61%
2002 Manchester United Demi
61%
1999 Manchester United Vainqueur
61%
1997 Manchester United Demi
61%
1969 Manchester United Demi
61%
1968 Manchester United Vainqueur
61%
1966 Manchester United Demi
61%
1958 Manchester United Demi
61%
1957 Manchester United Demi
61%
1980 Nottingham Forest Vainqueur
61%
1979 Nottingham Forest Vainqueur
61%
2020 Olympique Lyonnais Demi
61%
2010 Olympique Lyonnais Demi
61%
2018 AS Rome Demi
57%
1984 AS Rome Finaliste
57%
1982 Aston Villa Vainqueur
57%
1990 Benfica Finaliste
57%
1988 Benfica Finaliste
57%
1972 Benfica Demi
57%
1968 Benfica Finaliste
57%
1965 Benfica Finaliste
57%
1963 Benfica Finaliste
57%
1962 Benfica Vainqueur
57%
1961 Benfica Vainqueur
57%
2004 FC Porto Vainqueur
57%
1994 FC Porto Demi
57%
1987 FC Porto Vainqueur
57%
1970 Feyenoord Rotterdam Vainqueur
57%
1963 Feyenoord Rotterdam Demi
57%
2005 PSV Eindhoven Demi
57%
1988 PSV Eindhoven Vainqueur
57%
1976 PSV Eindhoven Demi
57%
2020 RB Leipzig Demi
57%
2019 Tottenham Finaliste
57%
1962 Tottenham Demi
57%
2001 Valence Finaliste
57%
2000 Valence Finaliste
57%
2017 AS Monaco Demi
52%
2004 AS Monaco Finaliste
52%
1998 AS Monaco Demi
52%
1994 AS Monaco Demi
52%
1976 AS Saint Etienne Finaliste
52%
1975 AS Saint Etienne Demi
52%
2002 Bayer Leverkusen Finaliste
52%
1974 Celtic Glasgow Demi
52%
1972 Celtic Glasgow Demi
52%
1970 Celtic Glasgow Finaliste
52%
1967 Celtic Glasgow Vainqueur
52%
1983 Hambourg Vainqueur
52%
1980 Hambourg Finaliste
52%
1961 Hambourg Demi
52%
1989 Steaua Bucarest Finaliste
52%
1988 Steaua Bucarest Demi
52%
1986 Steaua Bucarest Vainqueur
52%
1996 FC Nantes Demi
48%
1959 Stade de Reims Finaliste
48%
1956 Stade de Reims Finaliste
48%
2004 Deportivo La Corogne Demi
43%
1992 Sampdoria Finaliste
43%
1957 Fiorentina Finaliste
39%
1993 Olympique Marseille Vainqueur
39%
1991 Olympique Marseille Finaliste
39%
1990 Olympique Marseille Demi
39%
2011 Schalke 04 Demi
39%
1978 Borussia Monchengladbach Demi
35%
1977 Borussia Monchengladbach Finaliste
35%
1999 Dynamo Kiev Demi
35%
1987 Dynamo Kiev Demi
35%
1977 Dynamo Kiev Demi
35%
1960 Eintracht Francfort Finaliste
35%
2001 Leeds United Demi
35%
1975 Leeds United Finaliste
35%
1970 Leeds United Demi
35%
1996 Panathinaikos Demi
35%
1985 Panathinaikos Demi
35%
1971 Panathinaikos Finaliste
35%
1966 Partizan Belgrade Finaliste
30%
1985 Bordeaux Demi
26%
1979 Malmo Finaliste
26%
1978 Club Bruges Finaliste
22%
1989 Galatasaray Demi
22%
1960 Glasgow Rangers Demi
22%
1986 Anderlecht Demi
17%
1982 Anderlecht Demi
17%
1986 Goteborg Demi
17%
1991 Spartak Moscou Demi
17%
1979 Austria Vienne Demi
13%
1983 Real Sociedad Demi
13%
1982 CSKA Sofia Demi
9%
1967 CSKA Sofia Demi
9%
1984 Dinamo Bucarest Demi
9%
1970 Legia Varsovie Demi
9%
1979 Cologne Demi
4%
1984 Dundee United Demi
4%
1977 FC Zurich Demi
4%
1964 FC Zurich Demi
4%
1961 Rapid Vienne Demi
4%
1983 Widzew Lodz Demi
4%
1973 Derby County Demi
0%
1967 Dukla Prague Demi
0%
1963 Dundee FC Demi
0%
1965 Gyori ETO Demi
0%
1956 Hibernian FC Demi
0%
1969 Spartak Trnava Demi
0%
1962 Standard de Liege Demi
0%
1974 Ujpest Demi
0%
1958 Vasas SC Demi
0%
1959 Young Boys Demi
0%
Aucun quiz correspondant
Distribution des résultats
% des personnes avec chaque résultat
Percentile par nombre de réponses
Votre historique - résultats
Vous n’avez pas pris ce quiz depuis la dernière actualisation